| 000 | 00830nam a2200217 a 4500 | ||
|---|---|---|---|
| 008 | 081022s1995 ||||||||||||||||| || u | ||
| 050 | _aIBRD(08)TP/292 | ||
| 100 | _aSubramanian, Ashok | ||
| 245 | 1 | 0 | _aIrrigation management transfer in Mexico: process and progress |
| 260 |
_aWashington, D. C. _bWorld Bank _c1995 |
||
| 300 | _ax, 118p.: ill. | ||
| 350 | _a0.00 | ||
| 490 | _aWorld Bank Technical Papers | ||
| 500 | _aTechnical Paper No. 292 | ||
| 650 | _aWATER RESOURCES DEVELOPMENT--MEXICO | ||
| 650 | _aIRRIGATION--GOVERNMENT POLICY--MEXICO | ||
| 650 | _aIRRIGATION--MEXICO--MANAGEMENT | ||
| 700 | _aGorriz, Cecilia M | ||
| 700 | _aSimas, Jose | ||
| 995 |
_D0.00 _FCBU-MAIN LIBRARY (Kitwe) _H1 _I0.00 _M1 _UAVAILABLE _WOct 22, 2008 _ZInternational Publications |
||
| 999 |
_c48359 _d48359 |
||